El Procedimiento sancionador y las sanciones de la ley contra el tabaco Ley 42/2010, de 30 de diciembre que modifica la Ley 28/2005, y entra en vigor el 2.1.2011, sobre medidas sanitarias frente al tabaquismo y reguladora de la venta, suministro, consumo y publicidad / de productos del tabaco /

Bibliographic Details
Main Author: Hernǹdez de Marco, Saturio
Format: Book
Language:Spanish
Published: Madrid : Dykinson, cop. 2011
Subjects:
Online Access:Acceso restringido

MARC

LEADER 00000nam a2200000 a 4500
005 20111124110810.0
007 cr|||| ||||
008 110405s2011 sp 000 0 spa c
017 |a DL M. 6360-2011 
020 |a 9788499821122  
035 |a 5897 
040 |d vLex 
090 |c 2789  |d 2789 
100 1 |a Hernǹdez de Marco, Saturio 
245 1 3 |a El Procedimiento sancionador y las sanciones de la ley contra el tabaco   |h [Recurso electrn̤ico] :  |b Ley 42/2010, de 30 de diciembre que modifica la Ley 28/2005, y entra en vigor el 2.1.2011, sobre medidas sanitarias frente al tabaquismo y reguladora de la venta, suministro, consumo y publicidad / de productos del tabaco /  |c Saturio Hernǹdez de Marco 
256 |a Servicio en ln̕ea 
260 |a Madrid :  |b Dykinson,  |c cop. 2011 
300 |a 1 recurso electrn̤ico 
505 8 |a Incluye: jurisprudencia y formularios 
506 1 |a Contenido solo disponible en los productos indicados  |d vLex Global   |d vLex Global (Academic Edition, excluding Law Schools)   |d vLex Global (U.S. Academic Edition, Law Schools)   |d vLex Global (U.S. Academic Edition, excluding Law Schools)   |d vLex Global (Academic Edition, Law Schools)  
610 1 4 |a Espaą.  |t Ley por la que se modifica la Ley 28/2005, de 26 de diciembre, de medidas sanitarias frente al tabaquismo y reguladora de la venta, el suministro, el consumo y la publicidad de los productos del tabaco, 2010 
650 0 4 |a Tabaco  |x Derecho y legislacin̤  |z Espaą 
740 0 |a vLex Libros (Servicio en ln̕ea) 
856 4 0 |u http://vlex.com/source/procedimiento-sancionador-sanciones-ley-tabaco-5897  |z Acceso restringido 
942 |c BOOK